000 01712nam0a2200385 4500
001 RU\NLR\bibl\379441
005 20250622153020.0
010 _a5-94371-243-7
_915000
021 _aRU
_b2003-3615
_9166
035 _a(NLR Aleph) 000373861
090 _a412644
_c412644
100 _a20030304d2003 |||y0rusy50 ca
101 0 _arus
102 _aRU
105 _aa z 000ay
200 1 _aСмилодон
_f[Евгений Александрович Рубяжев]
210 _aСанкт-Петербург
_cКрылов
_d2003
215 _a343 с.
_cил.
_d21
225 1 _aМужской клуб
225 1 _aИсторическая авантюра
300 _aНа тит. л. и обл. авт.: Феликс Разумовский, псевд. Рубяжева Е. А., запрещенный к использованию решением Верховного суда Рос. Федерации по делу №5-КГ17-102, от 15 августа 2017 г.
610 0 _aНаучно-фантастические романы и рассказы (х. л.)
675 _a821.161.1-31Разумовский
_v3
_zrus
686 _a17.82
_2rugasnti
686 _a84(2Рос-Рус)6-44
_2rubbk
686 _aШ6(2=Р)75-445
700 1 _aРубяжев
_bЕ. А.
_cписатель-детективщик
_gЕвгений Александрович
_9197114
_3RU\NLR\AUTH\770197165
801 0 _aRU
_bRKP
_c20030304
_gPSBO
801 1 _aRU
_bRKP
_c20030304
801 2 _aRU
_bNLR
_c20090323
_grcr
942 _cBOOK
980 _aNB